000 00901nas a2200289 4500
001 BR7700207
003 BR-BrBNA
005 20231205083034.0
007 ta
008 230509b bl.|||p| |||| 00| 00por d
040 _aBR-BrBNA
_bpor
_cBiblioteca Nacional de Agricultura
041 _a(Pt)
072 _aL73
100 1 _aSchenk, M.A.M.
100 1 _aSchenk, J.A.P.
100 1 _aAvila, F.A.
100 1 _aLima, J.D.
245 1 _aFrequencia de anticorpos anti-Toxoplasma gondii em tatus (Dasypus novemcinctus)capturados em Minas Gerais, Brasil
650 _aTOXOPLASMOSE
650 _aSORO
650 _aTATU
650 _aANTICORPO
650 _aMINAS GERAIS
773 0 _tArquivos da Escola de Veterinaria da Universidade Federal de Minas Gerais (Brazil)
_xISSN 0365-8384
_g(1976), v. 28(1) p. 33-35
_wBR7700207
909 _a202311
_bLúcia
_c55
_dLúcia Elande
942 _2AGRIS
_n0
_cANA
999 _c95949
_d95949